000 02128nam0a2200373 4500
001 RU\NLR\BIBL_A\011599974
005 20241101021208.0
010 _a9785990994386
_9300
021 _aRU
_b2017-98896
_97120
035 _a(RuMoRGB)009497152
035 _a(NLR Aleph) 011599974
090 _a10883163
_c10883163
100 _a20180123d2017 k y0rusy50 ca
101 0 _arus
_deng
102 _aRU
105 _aa z 000yy
200 1 _aАкустические исследования мелкомасштабных неоднородностей в морской среде
_dAcoustic study of small-scale heterogeneities in the marine environment
_e[монография]
_fВ. А. Акуличев, В. А. Буланов
_gРоссийская академия наук, Дальневосточное отделение, Тихокеанский океанологический институт им. В. И. Ильичева
_zeng
210 _aВладивосток
_cТОИ ДВО РАН
_d2017
215 _a413 с.
_cил., цв. ил., табл.
_d27
300 _aАвт. также на англ. яз.: V. A. Akulichev, V. A. Bulanov
300 _aРез. англ.
320 _aБиблиогр.: с. 389-406 (319 назв.)
510 1 _6z37790
_aAcoustic study of small-scale heterogeneities in the marine environment
_zeng
606 1 _aМоря и океаны
_xАкустические исследования
_9919358
_3RU\NLR\AUTH\6617759
686 _aД221.7,0
_2rubbk
686 1 _aД221.7
700 1 _7ca
_8rus
_aАкуличев
_bВ.А.
_f1939-
_gВиктор Анатольевич
_9184260
_3RU\NLR\AUTH\770184311
701 1 _7ca
_8rus
_aБуланов
_bВ. А.
_cд-р физ.-мат. наук
_gВладимир Алексеевич
_9184400
_3RU\NLR\AUTH\770184451
790 1 _7ba
_8rus
_aAkuličev
_bV. A.
_f1939-
_gViktor Anatol'evič
_9184265
_3RU\NLR\AUTH\770184316
790 1 _7ba
_8rus
_aBulanov
_bV. A.
_cд-р физ.-мат. наук
_gVladimir Alekseevič
_9184402
_3RU\NLR\AUTH\770184453
942 _cBOOK
980 _aNBR